00469nam a2200169Ia 4500001000700000008004100007010001100048082001300059100001900072245008300091260004300174300001200217440000500229500000500234503001100239650004900250Z_2661220113s1991 xx 000 0 und d a165721 a616.4 W5 aWilson, Jean D aWilliams textbook of endocrinology /cpor Jean D Wilson and Daniel W. Foster aPhiladelphia, Penn :bSaunders,c1991 a1712 p. a a a169523 aEndocrinología I. Foster, Daniel W. II. t.